Catálogo
Digital

Catálogo
Digital

Reclutamiento, selección e integración de Recursos Humanos (Record no. 14454)

MARC details
000 -CABECERA
campo de control de longitud fija 01254nam a2200289 4500
003 - IDENTIFICADOR DEL NÚMERO DE CONTROL
campo de control EC-UNACH
006 - CÓDIGOS DE INFORMACIÓN DE LONGITUD FIJA--CARACTERÍSTICAS DEL MATERIAL ADICIONAL
campo de control de longitud fija s||||gr|||| 00| 00
008 - DATOS DE LONGITUD FIJA--INFORMACIÓN GENERAL
campo de control de longitud fija 150116t9999 mx r gr 000 0 spa d
020 ## - NÚMERO INTERNACIONAL ESTÁNDAR DEL LIBRO
Número Internacional Estándar del Libro 978-968-24-4794-5
040 ## - FUENTE DE LA CATALOGACIÓN
Centro catalogador/agencia de origen EC-UNACH
Centro/agencia transcriptor EC-UNACH
041 ## - CÓDIGO DE LENGUA
Código de lengua del texto/banda sonora o título independiente spa
082 04 - NÚMERO DE LA CLASIFICACIÓN DECIMAL DEWEY
Número de edición 23
Número de clasificación 658.3
Número de documento/Ítem L017438
100 ## - ENTRADA PRINCIPAL--NOMBRE DE PERSONA
Nombre de persona Guth, Aguirre
245 ## - MENCIÓN DE TÍTULO
Título Reclutamiento, selección e integración de Recursos Humanos
250 ## - MENCIÓN DE EDICIÓN
Mención de edición Primera Edición
Resto de la mención de edición ( Reimpresión)
264 ## - Producción, publicación, distribución, fabricación y copyright
Lugar de producción, publicación, distribución, fabricación Mexico
Nombre del de productor, editor, distribuidor, fabricante Trillas
Fecha de de producción, publicación, distribución, fabricación o copyright 2008
300 ## - DESCRIPCIÓN FÍSICA
Extensión 149 paginas
Otras características físicas Tablas
Dimensiones 23 cm.
500 ## - NOTA GENERAL
Nota general La edad productiva de las personas representa por lo general un tercio de su vida. De ahí que el trabajo idóneo para el ser humano deberá ser aquel que responda satisfactoriamente
505 ## - NOTA DE CONTENIDO CON FORMATO
Nota de contenido con formato El sistema de reclutamiento, selección e integración de recursos humanos.- Reclutamiento.- Selección.- Pruebas ocupacionales y psicométricas.- Entrevista de empleo.- Integración de Recursos Humanos.- Casos especiales de reclutamiento y selección.- Pruebas psicométricas
650 ## - PUNTO DE ACCESO ADICIONAL DE MATERIA--TÉRMINO DE MATERIA
Término de materia o nombre geográfico como elemento inicial ENTREVISTA
650 ## - PUNTO DE ACCESO ADICIONAL DE MATERIA--TÉRMINO DE MATERIA
Término de materia o nombre geográfico como elemento inicial AMBITO LABORAL
650 ## - PUNTO DE ACCESO ADICIONAL DE MATERIA--TÉRMINO DE MATERIA
Término de materia o nombre geográfico como elemento inicial RECLUTAMIENTO
942 ## - ELEMENTOS DE PUNTO DE ACCESO ADICIONAL (KOHA)
Fuente del sistema de clasificación o colocación Clasificación Decimal Dewey
Tipo de ítem Koha Libros
999 ## - NÚMEROS DE CONTROL DE SISTEMA (KOHA)
Koha biblionumber 14454
Holdings
Estado de pérdida Fuente del sistema de clasificación o colocación Estado dañado No para préstamo Localización permanente Ubicación/localización actual Ubicación en estantería Fecha de adquisición Número de inventario Total de préstamos Signatura topográfica completa Código de barras Fecha visto por última vez Precio válido a partir de Tipo de ítem Koha Centro de costos
  Clasificación Decimal Dewey     Biblioteca Campus Sur Biblioteca Campus Sur Aprendizaje - Enseñanza 26/03/2026 39933113   658.3 GUT L017439 L017439 26/03/2026 26/03/2026 Libros  

Powered by Koha